SMM7 (Record no. 97253)

MARC details
000 -LEADER
fixed length control field 01162cam a2200289 4500
001 - CONTROL NUMBER
control field J93044
008 - FIXED-LENGTH DATA ELEMENTS--GENERAL INFORMATION
fixed length control field 090401t1998 xxu||||| |||| 00| 0 eng d
020 ## - INTERNATIONAL STANDARD BOOK NUMBER
International Standard Book Number 0854063609
035 ## - SYSTEM CONTROL NUMBER
System control number (Sirsi) u87593
041 0# - LANGUAGE CODE
Language code of text/sound track or separate title eng
050 04 - LIBRARY OF CONGRESS CALL NUMBER
Classification number 692.3 $2 18
110 2# - MAIN ENTRY--CORPORATE NAME
Corporate name or jurisdiction name as entry element Standing Joint Committee for the Standard Measurement of Building Works
9 (RLIN) 3653
245 00 - TITLE STATEMENT
Title SMM7
Remainder of title standard method of measurement of building works.
250 ## - EDITION STATEMENT
Edition statement 7th rev. ed.
260 ## - PUBLICATION, DISTRIBUTION, ETC.
Place of publication, distribution, etc. London
Name of publisher, distributor, etc. RICS
-- Construction Confederation
Date of publication, distribution, etc. 1998
300 ## - PHYSICAL DESCRIPTION
Extent 190p.
Dimensions 30cm.
350 ## - PRICE (NR) (BK AM CF MU VM SE) [OBSOLETE]
Price 22.50
520 ## - SUMMARY, ETC.
Summary, etc. Authorised by agreement between the Royal Institution of Chartered Surveyors and the Construction Confederation.
520 ## - SUMMARY, ETC.
Summary, etc. Supersedes seventh edition (ISBN 0854063609).
650 24 - SUBJECT ADDED ENTRY--TOPICAL TERM
Topical term or geographic name entry element CO-ORDINATED PROJECT INFORMATION
650 24 - SUBJECT ADDED ENTRY--TOPICAL TERM
Topical term or geographic name entry element STANDARD METHOD OF MEASUREMENT (SEVENTH EDITION)
651 #4 - SUBJECT ADDED ENTRY--GEOGRAPHIC NAME
Geographic name International
690 ## - LOCAL SUBJECT ADDED ENTRY--TOPICAL TERM (OCLC, RLIN)
Topical term or geographic name as entry element BUILT ENVIRONMENT-QUANTITY SURVEYING-STANDARD METHOD OF MEASUREMENT
856 ## - ELECTRONIC LOCATION AND ACCESS
Uniform Resource Identifier <a href="https://www.isurv.com/downloads/file/4889/archive_smm7_7th_edition_1998%E2%80%93march_2012">https://www.isurv.com/downloads/file/4889/archive_smm7_7th_edition_1998%E2%80%93march_2012</a>
Public note Archived on isurv (subscription required)
942 ## - ADDED ENTRY ELEMENTS (KOHA)
Suppress in OPAC 0
Source of classification or shelving scheme Dewey Decimal Classification
948 ## - LOCAL PROCESSING INFORMATION (OCLC); SERIES PART DESIGNATOR (RLIN)
c (OCLC) 23/07/1998
Holdings
Withdrawn status Lost status Source of classification or shelving scheme Damaged status Not for loan Home library Current library Shelving location Date acquired Cost, normal purchase price Total Checkouts Full call number Barcode Date last seen Copy number Cost, replacement price Price effective from Koha item type Date last checked out
    Dewey Decimal Classification     London London RICS Boxes 28/08/1998 22.50   SMM 1998/1A 30056289 06/08/2019 1 22.50 06/08/2019 Reference material  
    Dewey Decimal Classification     London London Boxed set 05/04/2000   41 SMM 1998/1C 30061157 06/08/2019 1   06/08/2019 Book 23/11/2009
    Dewey Decimal Classification     Virtual Virtual Online 24/07/2023     isurv   24/07/2023 3   24/07/2023 Online material